000 00702nam a2200289Ia 4500
005 20260324121915.0
008 008 260324s9999 xx 000 0 eng d
020 _a9780203076323
037 _aEBOOK
040 _aCRL
040 _beng
040 _cCRL
041 _2eng
041 _aeng
084 _qCRL
100 _aAdam Geremek; Mark Greenlee; Svein Magnussen
_91164341
245 0 _aPerception Beyond Gestalt
245 0 _bProgress in vision research
260 _bTaylor and Francis
260 _c2013
365 _a
365 _b220
856 _uhttp://www.taylorfrancis.com/books/9780203076323
942 _cEBOOK
999 _c1756731
_d1756731